000 00436nam a2200157 i 4500
001 bg
100 1 _aSZYMAŃSKI, Adam
245 0 _aBadania nad współzależnością funkcji i formy w architekturze /
_cAdam Szymański, Anna Szmidt, Jakub Ciring.
260 _aSzczecin,
_c1979.
700 1 _aSZMIDT, Anna
700 1 _aCIRING, Jakub
040 _cBPK
041 _apol
942 _cKS
008 s pl f |000 0 pol
999 _c19585
_d19585
856 _uhttp://koha.tu.koszalin.pl/cgi-bin/koha/opac-detail.pl?biblionumber=19585
_yKatalog online BPK